000 00295nam a22001337a 4500
008 180315b xxu||||| |||| 00| 0 eng d
020 _a2901319003578
041 _aeng
080 _a37
100 _a25
101 _aEDU
245 _aEverything's an argument
_cLunsford,A.A
942 _2udc
_cBK
999 _c45165
_d45165